000 00766mc a2200229a 44500
001 NM030037
003 RG CODE MARC
008 95020s2007 ||||||||||||||000 | spa||
005 20251028183339.0
020 _a950-550-194-3
040 _aORG CODE MARC
100 _aSantos Guerra, Miguel Angel
_934769
245 _aEvaluación educativa 2
_cMiguel Angel Santos Guerra
250 _a5ª reimpr.
260 _aBuenos Aires
_bMagisterio del Río de la Plata
300 _a270 p.
_b22 cm.
490 _aRespuestas educativas
500 _aSubtítulo: Un enfoque práctico de la evaluación de alumnos, profesores, centros educativos y materiales didácticos
500 _aDonación de Pablo Vernola, 2025
500 _aBibliografía: p. 247-267
942 _cBK
999 _c29344
_d29344